000 01148cam a22003377a 4500
003 CHAP
005 20220329142604.0
008 010920d2001 mx r 00110 spa d
010 _a85341
011 _a86313
035 _a96851
040 _cCHAP
090 _aTesis
100 0 0 _aAcosta Gutierrez, Justo.
_9658
245 1 0 _aFitoplasmas :
_bsu conocimiento e importancia económica
_c/por Justo Acosta Gutiérrez
260 _aChapingo, Méx. :
_bEl autor,
_c2002.
300 _a54 h.
502 _aTesis (M.C. en Protección Vegetal) -- UACH. Departamento de Parasitología Agrícola
590 _aALEPH
_b10
_c20130110
_lUCH01
_h1446
590 _aBATCH-UPD
_b10
_c20130110
_lUCH01
_h1941
590 _aBATCH-UPD
_b10
_c20130410
_lUCH01
_h1304
590 _aBATCH-UPD
_b10
_c20130914
_lUCH01
_h1415
590 _aCONVERSION
_b10
_c20130109
_lUCH01
_h1347
650 1 4 _aFitoplasma.
_941181
650 1 4 _aMicroorganismos patógenos.
_975528
901 _aBK
905 _aAlejandra Carrasco M.
942 _cFOLL
949 _aTesis
_bBC
_cTES
_d33724000863031
_eTS2
_fc.2
_h39311
_i96851
_si
949 _aTesis
_bBC
_cTES
_d968511
_eTS1
_h39310
_i96851
_sb
999 _c85341
_d85341